Business communication: (Record no. 99419)

MARC details
000 -LEADER
fixed length control field 01308nam a22003017a 4500
005 - DATE AND TIME OF LATEST TRANSACTION
control field 20231108113447.0
010 ## - LCCN (DPL NO)
LC control number 1617EN ENG-115063 ENG-138239
020 ## - INTERNATIONAL STANDARD BOOK NUMBER
International Standard Book Number 9789339221607
Terms of availability 675.00
020 ## - INTERNATIONAL STANDARD BOOK NUMBER
International Standard Book Number 9339221605
Terms of availability 675.00
035 ## - SYSTEM CONTROL NUMBER
System control number B-653223-230
035 ## - SYSTEM CONTROL NUMBER
System control number EN-98595 EN-121771
035 ## - SYSTEM CONTROL NUMBER
System control number B-665133
037 ## - SOURCE OF ACQUISITION
Source of stock number/acquisition ABC
Stock number dpl
037 ## - SOURCE OF ACQUISITION
Source of stock number/acquisition DBAD/PUB
082 ## - DEWEY DECIMAL CLASSIFICATION NUMBER
Classification number 658.45
100 ## - MAIN ENTRY--PERSONAL NAME
Personal name Cardon, Peter W.
245 ## - TITLE STATEMENT
Title Business communication:
Remainder of title Developing leaders for a networked world/
Statement of responsibility, etc By Peter W. Cardon
260 ## - PUBLICATION, DISTRIBUTION, ETC. (IMPRINT)
Place of publication, distribution, etc New Delhi
Name of publisher, distributor, etc McGraw Hill Education
Date of publication, distribution, etc 2015
270 ## - ADDRESS
Address P-24, Green Park Extension
City New Delhi
Postal code 110016
300 ## - PHYSICAL DESCRIPTION
Extent xxxv,556p.
Dimensions 28cm(pbk)
Other physical details ill.
500 ## - GENERAL NOTE
General note Includes bibliographical references and index
650 ## - SUBJECT ADDED ENTRY--TOPICAL TERM
Topical term or geographic name as entry element Business communication
650 ## - SUBJECT ADDED ENTRY--TOPICAL TERM
Topical term or geographic name as entry element Business enterprises
General subdivision Computer networks
650 ## - SUBJECT ADDED ENTRY--TOPICAL TERM
Topical term or geographic name as entry element Business communication
General subdivision Computer network resources
942 ## - ADDED ENTRY ELEMENTS (KOHA)
Source of classification or shelving scheme Dewey Decimal Classification
Item type English Books
Call number suffix CAR
Classification part 658.45
Holdings
Withdrawn status Lost status Not for loan Collection code Home library Current library Date acquired Source of acquisition Cost, normal purchase price Full call number Barcode Copy number Cost, replacement price Koha item type
      Non-fiction Ashok Vihar Ashok Vihar 09/05/2017 BPPD/EN/2016-17/AV/16-17/452/15.2.2017/5058/28.2.2017/ 7.3.2017 675.00 658.45 CAR B-665133 1 675.00 English Books
    Not For Loan Non-fiction D.B.Act.Division Bawana 29/02/2016 DBAD/PUB 675.00 658.45 CAR EN-98595 1 675.00 English Books
      Non-fiction Bawana Bawana 20/02/2017 BPPD/EN/2016-17/286/24.11.16/5001/05.12.2016/4.1.2017 675.00 658.45 CAR B-653229 1 675.00 English Books
  Lost and Paid For   Non-fiction Central Library Central Library 20/02/2017 BPPD/EN/2016-17/286/24.11.16/5001/05.12.2016/4.1.2017 675.00 658.45 CAR B-653223 1 675.00 English Books
      Non-fiction Janak Puri Janak Puri 20/02/2017 BPPD/EN/2016-17/286/24.11.16/5001/05.12.2016/4.1.2017 675.00 658.45 CAR B-653226 1 675.00 English Books
      Non-fiction D.B.Act.Division Mobile Library 25/09/2023 DBAD/PUB 675.00 658.45 CAR EN-121771 1 675.00 English Books
      Non-fiction Narela Narela 20/02/2017 BPPD/EN/2016-17/286/24.11.16/5001/05.12.2016/4.1.2017 675.00 658.45 CAR B-653228 1 675.00 English Books
      Non-fiction New Police Line New Police Line 20/02/2017 BPPD/EN/2016-17/286/24.11.16/5001/05.12.2016/4.1.2017 675.00 658.45 CAR B-653224 1 675.00 English Books
      Non-fiction Patel Nagar Patel Nagar 20/02/2017 BPPD/EN/2016-17/286/24.11.16/5001/05.12.2016/4.1.2017 675.00 658.45 CAR B-653225 1 675.00 English Books
      Non-fiction Sarojini Nagar Sarojini Nagar 20/02/2017 BPPD/EN/2016-17/286/24.11.16/5001/05.12.2016/4.1.2017 675.00 658.45 CAR B-653227 1 675.00 English Books
      Non-fiction Shahdara Branch Shahdara Branch 20/02/2017 BPPD/EN/2016-17/286/24.11.16/5001/05.12.2016/4.1.2017 675.00 658.45 CAR B-653230 1 675.00 English Books

© Delhi Public Library
Hit Counter
free hit counter